| 000 -LEADER |
| fixed length control field |
00729nam a22001337a 4500 |
| 040 ## - CATALOGING SOURCE |
| Transcribing agency |
rua |
| 082 ## - DEWEY DECIMAL CLASSIFICATION NUMBER |
| Classification number |
FIS VAV 2021 B473 Or. |
| 100 ## - MAIN ENTRY--AUTHOR NAME |
| Personal name |
VA VAIAN ,វ៉ា វៃអាន |
| 245 ## - TITLE STATEMENT |
| Title |
EFFECT OF STOCKING DENSITY DRIVEN NUTRIENT INPUT ON FISH(Anabas testudineus) AND RICE YIELD IN INTERGRATED SYSTEM.ឥទ្ធិពលនៃកាកសំណល់ត្រីក្រាញ់ក្នុងការចិញ្ចឹមត្រីដោយដង់ស៊ីតេខុសគ្នាក្នុងការធ្វើស្រែ |
| 260 ## - PUBLICATION, DISTRIBUTION, ETC. (IMPRINT) |
| Place of publication |
phnom penh |
| Name of publisher |
rua |
| Year of publication |
2021 |
| 300 ## - PHYSICAL DESCRIPTION |
| Number of Pages |
x.39p. |
| Other physical details |
ill. |
| Dimensions |
29cm. |
| 856 ## - ELECTRONIC LOCATION AND ACCESS |
| Uniform Resource Identifier |
https://drive.google.com/file/d/1vyetFWdq830KzhPF-qK4wqVzP2kF68tD/view?usp=sharing |
| 942 ## - ADDED ENTRY ELEMENTS (KOHA) |
| Koha item type |
FIS |
| 952 ## - LOCATION AND ITEM INFORMATION (KOHA) |
| Withdrawn status [LOCAL, KOHA] |
0 |
| 952 ## - LOCATION AND ITEM INFORMATION (KOHA) |
| Withdrawn status [LOCAL, KOHA] |
0 |
| 952 ## - LOCATION AND ITEM INFORMATION (KOHA) |
| Withdrawn status [LOCAL, KOHA] |
0 |
| 952 ## - LOCATION AND ITEM INFORMATION (KOHA) |
| Withdrawn status [LOCAL, KOHA] |
0 |